00668nam a2200229 a 4500001001300000003000900013005001700022008004100039020002300080082001700103100001700120245002800137260003200165300000900197500003500206505002000241700001700261902000800278942000700286952013000293999001500423nice12345678IN_TiNIC20260116013145.0050524s1990 lona grp 000 0 eng  a0863049 c42500a297.4bSHA30 aShah, Idries aSufi Thought and Action aLondonbOctagon Pressc1990 a272p aincludes index and biblioraphy2 aGlossary, Index1 aShah, Idries bSRS cBK 001040708StackRoom-aHMIbHMId2008-03-07g425.00l6o297.4 SHA30p017368r2022-06-22s2022-06-10v425.00w2005-05-24yBK c9903d9903